Introductory Functional Analysis with Application (Record no. 352078)
[ view plain ]
| 000 -LEADER | |
|---|---|
| fixed length control field | 00537nam a22001817a 4500 |
| 003 - CONTROL NUMBER IDENTIFIER | |
| control field | OSt |
| 005 - DATE AND TIME OF LATEST TRANSACTION | |
| control field | 20180116183106.0 |
| 008 - FIXED-LENGTH DATA ELEMENTS--GENERAL INFORMATION | |
| fixed length control field | 170825b xxu||||| |||| 00| 0 eng d |
| 020 ## - INTERNATIONAL STANDARD BOOK NUMBER | |
| International Standard Book Number | 9788126511914 |
| 040 ## - CATALOGING SOURCE | |
| Transcribing agency | 0 |
| 082 ## - DEWEY DECIMAL CLASSIFICATION NUMBER | |
| Classification number | 515.7 KRE 2007 |
| 100 ## - MAIN ENTRY--PERSONAL NAME | |
| Personal name | Erwin Kreyszig |
| 245 ## - TITLE STATEMENT | |
| Title | Introductory Functional Analysis with Application |
| Remainder of title | Kreyszig |
| Statement of responsibility, etc. | Erwin Kreyszig |
| 260 ## - PUBLICATION, DISTRIBUTION, ETC. | |
| Place of publication, distribution, etc. | Haryana India |
| Name of publisher, distributor, etc. | Wiley |
| Date of publication, distribution, etc. | 2007 |
| 300 ## - PHYSICAL DESCRIPTION | |
| Extent | 688p. |
| Other physical details | pb |
| 440 ## - SERIES STATEMENT/ADDED ENTRY--TITLE | |
| Title | Introductory Functional Analysis with Application |
| 942 ## - ADDED ENTRY ELEMENTS (KOHA) | |
| Source of classification or shelving scheme | |
| Koha item type | Book |
| Call number prefix | 515.7 KRE 2007 |
| Withdrawn status | Lost status | Source of classification or shelving scheme | Damaged status | Not for loan | Collection code | Permanent Location | Current Location | Shelving location | Date acquired | Total Checkouts | Total Renewals | Full call number | Barcode | Checked out | Date last seen | Date last checked out | Price effective from | Koha item type |
|---|---|---|---|---|---|---|---|---|---|---|---|---|---|---|---|---|---|---|
| Central Library (CL) | Central Library (CL) | General Stacks | 08/25/2017 | 5 | 3 | 515.7 KRE 2007 | NBSD-673 | 02/04/2026 | 01/05/2026 | 01/05/2026 | 08/25/2017 | Book | ||||||
| Central Library (CL) | Central Library (CL) | General Stacks | 08/25/2017 | 9 | 3 | 515.7 KRE 2007 | NBSD-674 | 05/20/2026 | 02/18/2026 | 02/18/2026 | 08/25/2017 | Book |
